[Event "El Vendrell Mestre"]
[Site "El Vendrell"]
[Date "2020.10.17"]
[Round "3"]
[White "Vila Cairo, Gerard"]
[Black "Sirera Bargallo, Tomas"]
[Result "1/2-1/2"]
[WhiteElo "2050"]
[BlackElo "2091"]
[PlyCount "83"]
[EventDate "2020.09.26"]
[EventType "tourn"]
[EventRounds "9"]
[EventCountry "ESP"]
[SourceTitle "EXT 2023"]
[Source "ChessBase"]
[SourceDate "2022.10.05"]
[SourceVersion "1"]
[SourceVersionDate "2022.10.05"]
[SourceQuality "1"]

1. e4 c5 2. a3 g6 3. d4 cxd4 4. Qxd4 Nf6 5. Bb5 a6 6. e5 axb5 7. exf6 Nc6 8. Qe3 e6 9. Nf3 b4 10. 0-0 Qxf6 11. Qb6 Bg7 12. c3 bxa3 13. Bg5 Qf5 14. Nxa3 Ra6 15. Qc7 0-0 16. Nc4 Nd4 17. cxd4 Rc6 18. Qxc6 dxc6 19. Nd6 Qd5 20. Be7 Bd7 21. Bxf8 Bxf8 22. Nxb7 c5 23. Nxc5 Bc6 24. Nd3 f6 25. Rfd1 Bd6 26. b4 Qh5 27. Nde1 Kg7 28. Rdb1 g5 29. Ra6 Be4 30. Rc1 Bf4 31. Rc5 Bd5 32. Ra7+ Kg6 33. h3 Bd6 34. Rc8 Bxb4 35. Rg8+ Kh6 36. Rgg7 Qe8 37. Nh2 f5 38. Nef3 Bd6 39. Rxh7+ Kg6 40. Ne5+ Bxe5 41. dxe5 Qg8 42. Rhd7 1/2-1/2

[Event "Moia op 6th"]
[Site "Moia"]
[Date "2017.10.27"]
[Round "5"]
[White "Urena Casacuberta, Lluis"]
[Black "Vila Cairo, Gerard"]
[Result "1/2-1/2"]
[WhiteElo "1906"]
[BlackElo "2052"]
[PlyCount "90"]
[EventDate "2017.09.22"]
[EventType "swiss"]
[EventRounds "8"]
[EventCountry "ESP"]
[SourceTitle "CBM 189 Extra"]
[Source "ChessBase"]
[SourceDate "2019.06.03"]
[SourceVersion "1"]
[SourceVersionDate "2019.06.03"]
[SourceQuality "1"]

1. d4 Nf6 2. c4 c5 3. d5 b5 4. cxb5 a6 5. bxa6 d6 6. e4 g6 7. Nc3 Bg7 8. Nf3 0-0 9. a7 Rxa7 10. Bc4 Ba6 11. Qe2 Bxc4 12. Qxc4 Nbd7 13. 0-0 Qa8 14. a4 Rb8 15. Nb5 Nb6 16. Qc2 Rxa4 17. Nc7 Qa7 18. Rxa4 Qxa4 19. Qxa4 Nxa4 20. e5 Ng4 21. exd6 exd6 22. Bf4 Ne5 23. Nxe5 dxe5 24. Be3 Bf8 25. f4 e4 26. f5 Nxb2 27. fxg6 hxg6 28. Rb1 Rc8 29. Rxb2 Rxc7 30. Rb8 Kg7 31. g4 Rd7 32. Re8 f5 33. gxf5 gxf5 34. Re5 Kg6 35. Re6+ Kh7 36. Rf6 Bg7 37. Rxf5 Kg6 38. Rf4 Rxd5 39. Rxe4 Bd4 40. Bxd4 cxd4 41. Kf2 Kf5 42. Re8 Ra5 43. Ke2 Ra3 44. Kd2 Kf4 45. Rf8+ Ke4 1/2-1/2

[Event "Moia op 5th"]
[Site "Moia"]
[Date "2016.11.18"]
[Round "8"]
[White "Vila Cairo, Gerard"]
[Black "Sola Lluch, Miquel"]
[Result "1-0"]
[WhiteElo "2029"]
[BlackElo "1857"]
[PlyCount "121"]
[EventDate "2016.09.23"]
[EventType "swiss"]
[EventRounds "8"]
[EventCountry "ESP"]
[SourceTitle "EXT 2018"]
[Source "ChessBase"]
[SourceDate "2017.10.13"]
[SourceVersion "1"]
[SourceVersionDate "2017.10.13"]
[SourceQuality "1"]

1. Nf3 d5 2. b3 Nf6 3. Bb2 e6 4. e3 Be7 5. Be2 b6 6. 0-0 Ba6 7. c4 0-0 8. d4 Nbd7 9. Nbd2 Rc8 10. Rc1 Re8 11. a3 h6 12. Re1 Ne4 13. b4 Nxd2 14. Nxd2 dxc4 15. Nxc4 Bb7 16. Bf3 Bxf3 17. Qxf3 c5 18. dxc5 bxc5 19. Qg3 Bf6 20. Bxf6 Nxf6 21. Nd6 Nh5 22. Qe5 f6 23. Qxh5 Qxd6 24. Rxc5 Rcd8 25. Rec1 Re7 26. h3 Red7 27. Rc6 Qe7 28. Qc5 Qxc5 29. R6xc5 Kf7 30. Rc7 Ke7 31. Kf1 Rb8 32. R1c5 Rb7 33. Rxb7 Rxb7 34. Ke2 Kd6 35. h4 Rb6 36. Ra5 Rb7 37. Ra6+ Kd7 38. Kd3 Rc7 39. f4 Rb7 40. h5 Ke7 41. g4 Kd7 42. e4 Ke7 43. Kd4 Kd7 44. e5 fxe5+ 45. Kxe5 Rb5+ 46. Ke4 Rb7 47. f5 exf5+ 48. Kxf5 Ke7 49. Kg6 Kf8 50. Rc6 Rb8 51. Rc7 Rb6+ 52. Kh7 Ra6 53. Rxg7 Rxa3 54. Kxh6 Rb3 55. Rxa7 Rxb4 56. g5 Rb8 57. Kh7 Rb5 58. Ra8+ Ke7 59. Kh6 Rb7 60. g6 Kf6 61. Rf8+ 1-0

[Event "Moia op 5th"]
[Site "Moia"]
[Date "2016.09.23"]
[Round "1"]
[White "Bellpuig Mencos, Gerard"]
[Black "Vila Cairo, Gerard"]
[Result "0-1"]
[WhiteElo "1551"]
[BlackElo "2029"]
[PlyCount "80"]
[EventDate "2016.09.23"]
[EventType "swiss"]
[EventRounds "8"]
[EventCountry "ESP"]
[SourceTitle "EXT 2018"]
[Source "ChessBase"]
[SourceDate "2017.10.13"]
[SourceVersion "1"]
[SourceVersionDate "2017.10.13"]
[SourceQuality "1"]

1. Nf3 Nf6 2. d4 c5 3. c4 cxd4 4. Nxd4 Nc6 5. Nc3 g6 6. e4 d6 7. Be2 Bg7 8. Be3 0-0 9. 0-0 Bd7 10. Rc1 a6 11. h4 h5 12. Nf3 Ng4 13. Qd2 Nxe3 14. Qxe3 Bg4 15. Rfd1 Qa5 16. a3 Kh7 17. Ng5+ Kg8 18. Rd5 Qc7 19. Bxg4 hxg4 20. Qf4 Ne5 21. Ne2 e6 22. Rd2 Qe7 23. Nd4 Rac8 24. Rdc2 Nd3 25. Qxg4 Nxc1 26. Ndxe6 fxe6 27. Rxc1 Rf6 28. g3 b5 29. Kg2 Rcf8 30. f3 bxc4 31. h5 Bh6 32. Rh1 Kg7 33. f4 Rh8 34. Qh4 Qb7 35. Qg4 Qxb2+ 36. Kg1 Qd4+ 37. Kg2 Bxg5 38. Qxg5 Qxe4+ 39. Kg1 Qxh1+ 40. Kxh1 Rxh5+ 0-1

[Event "Benidorm op U2000 13th"]
[Site "Benidorm"]
[Date "2014.12.06"]
[Round "9"]
[White "Duenas, Alexis"]
[Black "Vila Cairo, Gerard"]
[Result "0-1"]
[WhiteElo "1912"]
[BlackElo "1995"]
[PlyCount "50"]
[EventDate "2014.11.28"]
[EventType "swiss"]
[EventRounds "10"]
[EventCountry "ESP"]
[SourceTitle "CBM 163 Extra"]
[Source "ChessBase"]
[SourceDate "2014.12.23"]
[SourceVersion "1"]
[SourceVersionDate "2014.12.23"]
[SourceQuality "1"]

1. d4 Nf6 2. c4 c5 3. d5 b5 4. cxb5 a6 5. bxa6 g6 6. Nc3 Bg7 7. e4 d6 8. Nf3 0-0 9. Be2 Bxa6 10. 0-0 Qb6 11. Nd2 Nbd7 12. Kh1 Rfc8 13. Nc4 Bxc4 14. Bxc4 Qb4 15. Bd3 Ne5 16. f4 Nxd3 17. Qxd3 Qd4 18. Qe2 Rcb8 19. Rb1 Nd7 20. Be3 Qb4 21. Qc2 Nb6 22. a3 Qa5 23. Ne2 Qa6 24. Rfc1 Rb7 25. Bd2 Qxe2 0-1

[Event "Benidorm op U2000 13th"]
[Site "Benidorm"]
[Date "2014.11.29"]
[Round "2"]
[White "Vila Cairo, Gerard"]
[Black "Rico Sanchez, Julio"]
[Result "1-0"]
[WhiteElo "1995"]
[BlackElo "1819"]
[PlyCount "113"]
[EventDate "2014.11.28"]
[EventType "swiss"]
[EventRounds "10"]
[EventCountry "ESP"]
[SourceTitle "CBM 163 Extra"]
[Source "ChessBase"]
[SourceDate "2014.12.23"]
[SourceVersion "1"]
[SourceVersionDate "2014.12.23"]
[SourceQuality "1"]

1. Nf3 d5 2. b3 Nf6 3. Bb2 c5 4. e3 Nc6 5. d4 cxd4 6. exd4 e6 7. a3 Bd6 8. Bd3 Bd7 9. 0-0 0-0 10. Nbd2 Rc8 11. Ne5 Ne7 12. f4 Nf5 13. Qe2 Qb6 14. c3 Bc6 15. b4 a6 16. g4 Ne7 17. a4 Ng6 18. Kh1 Qc7 19. b5 axb5 20. axb5 Bd7 21. g5 Ne8 22. Rf3 f5 23. gxf6 Nxf6 24. Bxg6 hxg6 25. Nxg6 Kf7 26. Nxf8 Rxf8 27. Ba3 Ra8 28. c4 Bxf4 29. Raf1 g5 30. cxd5 Rh8 31. dxe6+ Bxe6 32. h3 Bxh3 33. Kg1 Bxf1 34. Nxf1 Qd7 35. Rd3 Rh4 36. Kf2 Ng4+ 37. Ke1 Nh2 38. d5 Rh6 39. d6 Re6 40. Ne3 Ng4 41. Bc1 Nxe3 42. Bxe3 Bxd6 43. Qh5+ Rg6 44. Qh7+ Rg7 45. Qh5+ Kg8 46. b6 Qe7 47. Qg4 Rg6 48. Kd1 Qf6 49. Qc8+ Kg7 50. Bd4 Be5 51. Qd7+ Kg8 52. Qe8+ Qf8 53. Qxe5 Qf1+ 54. Kc2 Qg2+ 55. Kb3 Qf1 56. Qh8+ Kf7 57. Qh7+ 1-0

[Event "Vallfogona rapid op 21st"]
[Site "Vallfogona de Balaguer"]
[Date "2013.09.22"]
[Round "7"]
[White "Vila Cairo, Gerard"]
[Black "Djuric, Stefan"]
[Result "0-1"]
[WhiteElo "2006"]
[BlackElo "2440"]
[PlyCount "90"]
[EventDate "2013.09.21"]
[EventType "swiss (rapid)"]
[EventRounds "11"]
[EventCountry "ESP"]
[SourceTitle "CBM 156 Extra"]
[Source "ChessBase"]
[SourceDate "2013.10.22"]
[SourceVersion "1"]
[SourceVersionDate "2013.10.22"]
[SourceQuality "1"]

1. Nf3 c5 2. b3 d6 3. Bb2 e5 4. d3 Nc6 5. e3 Nf6 6. Be2 Be7 7. 0-0 0-0 8. c4 h6 9. Nc3 Re8 10. a3 Bf8 11. Nd2 d5 12. Bf3 d4 13. Nd5 Nh7 14. Ne4 Rb8 15. a4 b6 16. Ng3 Na5 17. Rb1 Ng5 18. Be2 Bb7 19. e4 Ne6 20. Bc1 g6 21. Bg4 Qh4 22. Bxe6 Rxe6 23. f4 exf4 24. Rxf4 Qd8 25. Qf3 Bxd5 26. cxd5 Re7 27. Rg4 Bg7 28. Bd2 Rbb7 29. h4 Re5 30. Bf4 h5 31. Rg5 Rxg5 32. Bxg5 f6 33. Bd2 Rf7 34. Ne2 f5 35. Qg3 fxe4 36. dxe4 d3 37. Nf4 Bd4+ 38. Kh1 Qd6 39. Nxh5 Qxg3 40. Nxg3 Be5 41. Nf1 Rf2 42. Bxa5 bxa5 43. Ne3 Re2 44. Nc4 d2 45. Rd1 Re1+ 0-1

[Event "Banyoles op 6th"]
[Site "Banyoles"]
[Date "2003.08.07"]
[Round "6"]
[White "Garriga Sole, Pere"]
[Black "Vila Cairo, Gerard"]
[Result "1-0"]
[WhiteElo "2170"]
[BlackElo "100"]
[PlyCount "103"]
[EventDate "2003.08.??"]
[EventType "swiss"]
[EventRounds "9"]
[EventCountry "ESP"]
[SourceTitle "EXT 2005"]
[Source "ChessBase"]
[SourceDate "2004.11.15"]
[SourceVersion "1"]
[SourceVersionDate "2004.11.15"]
[SourceQuality "1"]

1. e4 c5 2. Nf3 e6 3. c3 Nc6 4. d4 d5 5. exd5 Qxd5 6. Be2 cxd4 7. cxd4 Nf6 8. Nc3 Qa5 9. 0-0 Be7 10. Re1 0-0 11. a3 a6 12. Rb1 b5 13. Be3 Bb7 14. Qb3 Rfd8 15. Rbd1 Nd5 16. Nxd5 Rxd5 17. Bc4 Rf5 18. d5 Rxf3 19. dxc6 Bxc6 20. gxf3 bxc4 21. Qxc4 Bxf3 22. Rc1 Qh5 23. Bf4 Qh3 24. Qf1 Qg4+ 25. Bg3 h5 26. Rc4 Qg6 27. h4 Bd5 28. Rd4 Bc5 29. Rd3 Bc4 30. Red1 Bxf2+ 31. Kxf2 Kh7 32. b3 Bxd3 33. Qxd3 Rc8 34. Qxg6+ Kxg6 35. Ke3 Rc3+ 36. Rd3 Rxd3+ 37. Kxd3 Kf5 38. b4 Kg4 39. Bf2 Kf3 40. Be1 f6 41. a4 g5 42. b5 axb5 43. axb5 g4 44. b6 g3 45. Bxg3 Kxg3 46. b7 Kxh4 47. b8Q Kg5 48. Qg8+ Kf5 49. Qh7+ Kg5 50. Qg7+ Kf5 51. Qh6 Kg4 52. Qg6+ 1-0